[Event "Akureyri Icelandic op"]
[Site "Akureyri"]
[Date "2019.05.30"]
[Round "7"]
[White "Ruelland, Geoffrey"]
[Black "Gunnarsson, Jon Viktor"]
[Result "0-1"]
[WhiteElo "1955"]
[BlackElo "2452"]
[PlyCount "48"]
[EventDate "2019.05.25"]
[EventType "swiss"]
[EventRounds "9"]
[EventCountry "ISL"]
[SourceTitle "CBM 190 Extra"]
[Source "ChessBase"]
[SourceDate "2019.07.15"]
[SourceVersion "1"]
[SourceVersionDate "2019.07.15"]
[SourceQuality "1"]

1. e4 c5 2. Nf3 d6 3. d4 cxd4 4. Nxd4 Nf6 5. Nc3 a6 6. Be2 e5 7. Nb3 Be7 8. Be3 0-0 9. g4 Be6 10. g5 Nfd7 11. Qd2 Nb6 12. 0-0-0 a5 13. Kb1 a4 14. Nc1 a3 15. b3 N8d7 16. Rhg1 Qc7 17. Nb5 Qc6 18. f3 d5 19. Bxb6 Nxb6 20. Qc3 Rfc8 21. Qxc6 bxc6 22. exd5 Nxd5 23. c4 Ne3 24. Rd3 cxb5 0-1

[Event "London CC-ch A"]
[Site "London"]
[Date "2009.05.28"]
[Round "11"]
[White "Ruelland, Geoffrey"]
[Black "Demmery, Steve"]
[Result "0-1"]
[WhiteElo "1989"]
[BlackElo "2125"]
[PlyCount "68"]
[EventDate "2009.03.19"]
[EventType "tourn"]
[EventRounds "12"]
[EventCountry "CAN"]
[SourceTitle "EXT 2022"]
[Source "ChessBase"]
[SourceDate "2021.10.06"]
[SourceVersion "1"]
[SourceVersionDate "2021.10.06"]
[SourceQuality "1"]

1. e4 e5 2. Nf3 Nc6 3. Bb5 Nd4 4. Nxd4 exd4 5. 0-0 Bc5 6. d3 Ne7 7. Qh5 Bb6 8. f4 c6 9. Bc4 0-0 10. Nd2 d5 11. Bb3 f5 12. e5 Be6 13. Nf3 h6 14. Kh1 a5 15. c3 a4 16. Bc2 dxc3 17. bxc3 d4 18. c4 Bc5 19. Rb1 Qd7 20. Bd2 b5 21. Bb4 Qa7 22. Nd2 Bxb4 23. Rxb4 Qa5 24. Rfb1 c5 25. Qh4 Ng6 26. Qg3 cxb4 27. Qxg6 Bf7 28. Qd6 b3 29. Nxb3 axb3 30. Bxb3 Rfd8 31. Qc6 Rac8 32. Qf3 bxc4 33. dxc4 Be6 34. Qd3 Qc3 0-1

[Event "London CC-ch A"]
[Site "London"]
[Date "2009.04.30"]
[Round "7"]
[White "Ruelland, Geoffrey"]
[Black "Francis, Robert James"]
[Result "1-0"]
[WhiteElo "1989"]
[BlackElo "1909"]
[PlyCount "55"]
[EventDate "2009.03.19"]
[EventType "tourn"]
[EventRounds "12"]
[EventCountry "CAN"]
[SourceTitle "EXT 2022"]
[Source "ChessBase"]
[SourceDate "2021.10.06"]
[SourceVersion "1"]
[SourceVersionDate "2021.10.06"]
[SourceQuality "1"]

1. e4 c6 2. d4 d5 3. f3 dxe4 4. fxe4 e5 5. Nf3 Be6 6. c3 Nf6 7. Bd3 Nbd7 8. 0-0 Qb6 9. Kh1 h6 10. Qe2 0-0-0 11. Be3 Qc7 12. Nbd2 Be7 13. b4 g5 14. b5 Nh5 15. bxc6 bxc6 16. Ba6+ Kb8 17. Rab1+ Nb6 18. Nxe5 Nf4 19. Rxf4 gxf4 20. Bxf4 Ka8 21. a4 Bd6 22. a5 f6 23. axb6 axb6 24. Ndc4 fxe5 25. Nxb6+ Ka7 26. Bc4 Bxc4 27. Nxc4 Qc8 28. Rb6 1-0

[Event "London CC-ch A"]
[Site "London"]
[Date "2009.04.09"]
[Round "4"]
[White "Riley, Kelly"]
[Black "Ruelland, Geoffrey"]
[Result "0-1"]
[WhiteElo "2005"]
[BlackElo "1989"]
[PlyCount "76"]
[EventDate "2009.03.19"]
[EventType "tourn"]
[EventRounds "12"]
[EventCountry "CAN"]
[SourceTitle "EXT 2022"]
[Source "ChessBase"]
[SourceDate "2021.10.06"]
[SourceVersion "1"]
[SourceVersionDate "2021.10.06"]
[SourceQuality "1"]

1. Nf3 Nf6 2. g3 g6 3. d3 d5 4. Nbd2 Bg7 5. Bg2 c5 6. e4 Nc6 7. 0-0 0-0 8. h3 b6 9. Re1 e6 10. exd5 exd5 11. Nf1 Bb7 12. Bf4 Nh5 13. Bg5 Qc7 14. c3 h6 15. Bd2 Rfe8 16. Ne3 Nf6 17. Rc1 Rad8 18. Qa4 Qd7 19. Nf1 Qf5 20. d4 Ne4 21. Be3 Qd7 22. dxc5 bxc5 23. Rcd1 Qc7 24. Bf4 Qb6 25. Qc2 Qa5 26. a3 f5 27. h4 Kh7 28. Qc1 Qb6 29. Ne3 Na5 30. b4 Nb3 31. Qc2 c4 32. a4 Nxc3 33. h5 Nxd1 34. Rxd1 Re4 35. hxg6+ Qxg6 36. Nh4 Qe6 37. Bxe4 fxe4 38. Nxc4 Nd4 0-1

[Event "London CC-ch A"]
[Site "London"]
[Date "2009.03.26"]
[Round "2"]
[White "Ruelland, Geoffrey"]
[Black "Coleman, Mike"]
[Result "0-1"]
[WhiteElo "1989"]
[BlackElo "2101"]
[PlyCount "62"]
[EventDate "2009.03.19"]
[EventType "tourn"]
[EventRounds "12"]
[EventCountry "CAN"]
[SourceTitle "EXT 2022"]
[Source "ChessBase"]
[SourceDate "2021.10.06"]
[SourceVersion "1"]
[SourceVersionDate "2021.10.06"]
[SourceQuality "1"]

1. e4 c5 2. Nf3 d6 3. d4 cxd4 4. Nxd4 Nf6 5. Nc3 g6 6. Be3 Bg7 7. f3 0-0 8. Qd2 Nc6 9. Bc4 Bd7 10. 0-0-0 Ne5 11. Bb3 Rc8 12. Kb1 Nc4 13. Bxc4 Rxc4 14. h4 h5 15. Nde2 Re8 16. Bg5 b5 17. Rhe1 b4 18. Nd5 Nxd5 19. exd5 Bf5 20. Rc1 Qa5 21. Ng3 Rd4 22. Qf2 Bc8 23. Rxe7 Rxe7 24. Bxe7 Qxd5 25. Ne4 Qe5 26. c3 Rxe4 27. fxe4 Qxe4+ 28. Ka1 Qxe7 29. cxb4 Be6 30. Re1 Qd7 31. Qc2 Qb5 0-1

[Event "London CC-ch A"]
[Site "London"]
[Date "2009.03.19"]
[Round "1"]
[White "Gibson, Kevin"]
[Black "Ruelland, Geoffrey"]
[Result "1-0"]
[WhiteElo "2107"]
[BlackElo "1989"]
[PlyCount "45"]
[EventDate "2009.03.19"]
[EventType "tourn"]
[EventRounds "12"]
[EventCountry "CAN"]
[SourceTitle "EXT 2022"]
[Source "ChessBase"]
[SourceDate "2021.10.06"]
[SourceVersion "1"]
[SourceVersionDate "2021.10.06"]
[SourceQuality "1"]

1. d4 Nf6 2. Nf3 g6 3. Bf4 Bg7 4. e3 d5 5. Bd3 0-0 6. h3 c5 7. c3 Nc6 8. 0-0 Qb6 9. Qc1 Nd7 10. Rd1 e5 11. dxe5 Ndxe5 12. Be2 Nxf3+ 13. Bxf3 d4 14. Na3 Be6 15. exd4 cxd4 16. Nc2 dxc3 17. bxc3 Bxc3 18. Rb1 Qa6 19. Nb4 Bxb4 20. Bxc6 Ba3 21. Qc3 bxc6 22. Qf6 Qa5 23. Bh6 1-0

[Event "Vancouver 04a"]
[Site "Vancouver"]
[Date "2003.04.06"]
[Round "4"]
[White "Neufahrt, Gerhard"]
[Black "Ruelland, Geoffrey"]
[Result "1-0"]
[WhiteElo "2064"]
[BlackElo "1878"]
[PlyCount "73"]
[EventDate "2003.04.04"]
[EventType "tourn"]
[EventRounds "5"]
[EventCountry "CAN"]
[SourceTitle "EXT 2008"]
[Source "ChessBase"]
[SourceDate "2007.11.25"]
[SourceVersion "1"]
[SourceVersionDate "2007.11.25"]
[SourceQuality "1"]

1. e4 c5 2. f4 d5 3. e5 e6 4. Nc3 Nc6 5. Nf3 Qb6 6. Be2 Nge7 7. d3 Nf5 8. Bd2 Be7 9. Na4 Qc7 10. 0-0 0-0 11. b3 f6 12. c3 fxe5 13. g4 Nh6 14. Nxe5 Nxe5 15. fxe5 Qxe5 16. Rxf8+ Bxf8 17. Bxh6 gxh6 18. Qd2 Bd7 19. Nxc5 Bc6 20. d4 Bxc5 21. dxc5 Qg5 22. Rd1 e5 23. b4 Rd8 24. b5 Be8 25. a4 Bf7 26. Qxg5+ hxg5 27. Bf3 Rc8 28. Bxd5 Rxc5 29. Bxf7+ Kxf7 30. Rd7+ Kg6 31. Rxb7 Rxc3 32. Rxa7 e4 33. Ra6+ Kf7 34. b6 Rb3 35. a5 Ke6 36. b7+ Kd7 37. Rb6 1-0

[Event "Vancouver 04a"]
[Site "Vancouver"]
[Date "2003.04.05"]
[Round "2"]
[White "Buck, Stephen"]
[Black "Ruelland, Geoffrey"]
[Result "0-1"]
[WhiteElo "1884"]
[BlackElo "1878"]
[PlyCount "94"]
[EventDate "2003.04.04"]
[EventType "tourn"]
[EventRounds "5"]
[EventCountry "CAN"]
[SourceTitle "EXT 2008"]
[Source "ChessBase"]
[SourceDate "2007.11.25"]
[SourceVersion "1"]
[SourceVersionDate "2007.11.25"]
[SourceQuality "1"]

1. c4 Nf6 2. Nc3 d5 3. cxd5 Nxd5 4. g3 g6 5. Bg2 c6 6. d3 Bg7 7. Bd2 0-0 8. Nf3 Nd7 9. 0-0 e5 10. Rc1 N7b6 11. Nxd5 Nxd5 12. Bc3 Qe7 13. Qc2 Re8 14. Nd2 Nxc3 15. bxc3 Be6 16. e3 Bd5 17. d4 Red8 18. Rfd1 Bxg2 19. Kxg2 c5 20. Nb3 exd4 21. cxd4 cxd4 22. Nxd4 Rac8 23. Qd3 Rxc1 24. Rxc1 Qd6 25. Rd1 Qd5+ 26. Kg1 Qxa2 27. Rc1 Qd5 28. Rc7 Be5 29. Rc4 b5 30. Rb4 a6 31. Qb1 Qc5 32. Qb2 Rc8 33. Kg2 Qd5+ 34. Kg1 Rc4 35. Rxc4 Qxc4 36. Qa1 b4 37. Qa4 Bxd4 38. exd4 Qxd4 39. Qxa6 b3 40. Qb7 b2 41. Kg2 Qc3 42. h4 Qc1 43. Qb8+ Kg7 44. Qe5+ Kh6 45. f4 Qc6+ 46. Kh2 b1Q 47. Qg5+ Kg7 0-1

[Event "Vancouver 04a"]
[Site "Vancouver"]
[Date "2003.04.05"]
[Round "3"]
[White "Ruelland, Geoffrey"]
[Black "Kosinski, George"]
[Result "0-1"]
[WhiteElo "1878"]
[BlackElo "1964"]
[PlyCount "62"]
[EventDate "2003.04.04"]
[EventType "tourn"]
[EventRounds "5"]
[EventCountry "CAN"]
[SourceTitle "EXT 2008"]
[Source "ChessBase"]
[SourceDate "2007.11.25"]
[SourceVersion "1"]
[SourceVersionDate "2007.11.25"]
[SourceQuality "1"]

1. e4 c5 2. Nf3 e6 3. d4 cxd4 4. Nxd4 Nf6 5. Bd3 Nc6 6. Be3 Bb4+ 7. c3 Be7 8. 0-0 0-0 9. f4 d6 10. Qe2 Qc7 11. Nd2 a6 12. c4 b6 13. Rac1 Bb7 14. h3 Rac8 15. Qf2 Nd7 16. Nxc6 Bxc6 17. b4 Bb7 18. Nf3 Bd8 19. Rfe1 Qb8 20. Nh2 Qa8 21. Bd4 e5 22. Ba1 a5 23. a3 axb4 24. axb4 Qa4 25. Qb2 b5 26. fxe5 dxe5 27. Nf3 bxc4 28. Bxc4 Kh8 29. Qe2 Qxb4 30. Nxe5 Nxe5 31. Bxe5 Qc5+ 0-1

[Event "Vancouver 02"]
[Site "Vancouver"]
[Date "2003.02.23"]
[Round "4"]
[White "Ruelland, Geoffrey"]
[Black "Jung, William"]
[Result "1-0"]
[WhiteElo "1746"]
[BlackElo "1788"]
[PlyCount "61"]
[EventDate "2003.02.21"]
[EventType "tourn"]
[EventRounds "5"]
[EventCountry "CAN"]
[SourceTitle "EXT 2008"]
[Source "ChessBase"]
[SourceDate "2007.11.25"]
[SourceVersion "1"]
[SourceVersionDate "2007.11.25"]
[SourceQuality "1"]

1. e4 e5 2. Nf3 Nc6 3. Bb5 d6 4. d4 exd4 5. Nxd4 Nge7 6. Nc3 Bd7 7. Be3 Nxd4 8. Bxd7+ Qxd7 9. Qxd4 Nc6 10. Qd2 Be7 11. f4 0-0-0 12. 0-0-0 f6 13. Nd5 b6 14. Qc3 Kb7 15. Rhe1 Rhe8 16. Bf2 Bf8 17. Bg3 Ne7 18. Nb4 a5 19. Nd5 Qc6 20. Qf3 Nxd5 21. Rxd5 Re6 22. Red1 Rde8 23. e5 fxe5 24. fxe5 dxe5 25. Qe4 g6 26. R1d3 Bh6+ 27. Kb1 R8e7 28. Rc3 Qxd5 29. Qxd5+ c6 30. Qe4 Rd7 31. Rd3 1-0

[Event "Vancouver 02"]
[Site "Vancouver"]
[Date "2003.02.21"]
[Round "1"]
[White "Ruelland, Geoffrey"]
[Black "Sladek, Vaclav"]
[Result "1-0"]
[WhiteElo "1746"]
[BlackElo "2070"]
[PlyCount "75"]
[EventDate "2003.02.21"]
[EventType "tourn"]
[EventRounds "5"]
[EventCountry "CAN"]
[SourceTitle "EXT 2008"]
[Source "ChessBase"]
[SourceDate "2007.11.25"]
[SourceVersion "1"]
[SourceVersionDate "2007.11.25"]
[SourceQuality "1"]

1. e4 c5 2. Nf3 e6 3. d4 cxd4 4. Nxd4 Qb6 5. Nb3 Qc7 6. Bd3 a6 7. 0-0 Nf6 8. c4 d6 9. Nc3 b6 10. Qe2 Bb7 11. Be3 Nbd7 12. f4 Be7 13. Nd2 h5 14. h3 Rc8 15. Rac1 Qb8 16. b4 d5 17. exd5 exd5 18. cxd5 Kf8 19. a3 a5 20. d6 Bxd6 21. Nc4 axb4 22. axb4 Bxb4 23. Nb5 Nd5 24. Qb2 Be7 25. Bd4 Bc5 26. Ncd6 Bxd4+ 27. Qxd4 Rc5 28. Rce1 N7f6 29. Qe5 Bc6 30. Nd4 h4 31. Nxf7 Qxe5 32. Nxe5 Be8 33. Ne6+ Kg8 34. Nxc5 bxc5 35. Bc4 Bf7 36. Nxf7 Kxf7 37. Re5 Rd8 38. Rd1 1-0